LEADER 01201nam a2200229 i 4500 001 000000355397 003 CaOOAMICUS 005 20230914154246.0 008 230914s1913 it u000 u ita u 040 $aSeMil$bita 100 1 $aRezzara, Nicoḷ,$d<1848-1915>.$0(OLS)http://semarc/name/52440 245 12$aI progressi del monopolio :$bdedizioni deplorevoli, assorbimenti da evitare, insidie del Patronato scolastico. Brevi appunti alle lezioni /$ccorso del prof. Comm. Nicoḷ Rezzara. 250 $aEdizione per gli alunni della Scuola Sociale 260 $aBergamo :$bTip. S. Alessandro,$c1913. 300 $a12 p. ;$c19 cm 500 $aIn testa al front. : Scuola sociale cattolica in Bergamo, anno 4., settembre 1913 650 4$aScuola.$0(OLS)http://semarc/subject/9025 850 $aSeMil 852 $aSeMil$W1$xVenegono$y1$m5B IV 5/8$j243499$B246664$CSeMilBibl$Z2$F246664 $81 996 $6245$aI progressi del monopolio :$bdedizioni deplorevoli, assorbimenti da evitare, insidie del Patronato scolastico. Brevi appunti alle lezioni$9(OLS)http://semarc/title/445588 996 $6260$aBergamo :$bTip. S. Alessandro$9(OLS)http://semarc/publisher/41410 LEADER 01148nam a2200265 i 4500 001 000000186922 003 CaOOAMICUS 005 20150408000000.0 008 150408s1961 it u000 u ita u 013 $a164979 040 $aSeMil$bita 100 1 $aTrochu, Francis.$0(OLS)http://semarc/name/5006 245 10$aSanta Giovanna Antida Thouret, fondatrice delle Suore della Carità :$b1765-1826 /$cFrancesco Trochu. 260 $aMilano [etc.] :$bÀncora,$c1961. 300 $a499 p., [18] c. di tav. :$bill., [1] c. geogr. ripieg. ;$c23 cm. 490 0 $aTestimoni 500 $aFondo card. Giovanni Colombo. 600 14$aThouret, Giovanna Antida .$0(OLS)http://semarc/subject/7610 830 0$aTestimoni.$0(OLS)http://semarc/title/10583 850 $aSeMil 852 $aSeMil$W1$xVenegono$y1$m3GC III 229$j137609$B137609$CSeMilBibl$Z2$F149122 $8B 941 1 $a3 961 $aLascito: Colombo Card. Giovanni 996 $6245$aSanta Giovanna Antida Thouret, fondatrice delle Suore della Carità :$b1765-1826$9(OLS)http://semarc/title/268825 996 $6260$aMilano [etc.] :$bÀncora$9(OLS)http://semarc/publisher/32331